Statistics for MLB Teams

Click here to take the quiz!

General Stats

  • This quiz has been taken 160 times
  • The average score is 27 of 30

Answer Stats

Answer% Correct
Cincinnati Reds
100%
Boston Red Sox
98%
New York Yankees
98%
Chicago White Sox
97%
Houston Astros
97%
New York Mets
94%
Baltimore Orioles
93%
Tampa bay Rays
93%
Toronto Blue Jays
93%
Los Angeles Dodgers
92%
Miami Marlins
91%
San Francisco Giants
91%
Seattle Mariners
91%
Chicago Cubs
90%
Atlanta Braves
89%
Minnesota Twins
89%
St. Louis Cardinals
89%
Texas Rangers
89%
Washington Nationals
88%
Philadelphia Phillies
87%
San Diego Padres
87%
Detroit Tigers
86%
Kansas City Royals
86%
Pittsburgh Pirates
86%
Arizona Diamondbacks
85%
Cleveland Indians
84%
Colorado Rockies
84%
Los Angeles Angels
84%
Oakland Athletics
84%
Milwaukee Brewers
82%

Score Distribution

Percentile by Number Answered

Percent of People with Each Score

Your Score History

You have not taken this quiz